| 000 | 00416 a2200133 4500 | ||
|---|---|---|---|
| 999 |
_c30346 _d30346 |
||
| 003 | NUST | ||
| 005 | 20180118113715.0 | ||
| 008 | 180118b xxu||||| |||| 00| 0 eng d | ||
| 040 | _cNUST | ||
| 082 | _a809.935 | ||
| 100 |
_aBhutta, Sakhi Muhammad _92516 |
||
| 245 |
_aGul se Guldasta _bSabaq Amooz Aap Beeti aur No Jawan Nasal ke liye Paigham Jaddo Jahad _cPro. Dr. Engineer Sakhi Muhammad Bhutta |
||
| 250 | _a2012 | ||
| 260 |
_aIslamabad _bPPA Publications _c2012 |
||
| 300 | _a160 | ||
| 942 |
_aSNS _cBK _k809.935 BHU _2ddc |
||